THE WISE PARROT (Record no. 2808)
[ view plain ]
| 000 -LEADER | |
|---|---|
| fixed length control field | 00617nam a22001457a 4500 |
| 020 ## - INTERNATIONAL STANDARD BOOK NUMBER | |
| ISBN | 978-81-291-4648-9 |
| 082 ## - DEWEY DECIMAL CLASSIFICATION NUMBER | |
| Classification number | 823 |
| Item number | BON/W |
| 100 ## - MAIN ENTRY--AUTHOR NAME | |
| Personal name | BOND, RUSKIN |
| 245 ## - TITLE STATEMENT | |
| Title | THE WISE PARROT |
| 260 ## - PUBLICATION, DISTRIBUTION, ETC. (IMPRINT) | |
| Place of publication | DELHI |
| Name of publisher | RUPA PUBLICATIONS |
| Year of publication | 2017 |
| 300 ## - PHYSICAL DESCRIPTION | |
| Number of Pages | 143 |
| 520 ## - SUMMARY, ETC. | |
| Summary, etc | The parrots were taken to the King as a gift who loved them. The parrots were very well looked after in the Palace, and the King's son would even come and play with them. Everything was going well, and the parrots loved their new life. One day the hunter returned, this time with a black monkey. |
| 650 ## - SUBJECT ADDED ENTRY--TOPICAL TERM | |
| Topical Term | CHILDRENS STORY BOOK |
| Geographic subdivision | INDIA |
| 942 ## - ADDED ENTRY ELEMENTS (KOHA) | |
| Koha item type | Books |
| Withdrawn status | Lost status | Collection code | Home library | Current library | Shelving location | Date acquired | Source of acquisition | Cost, normal purchase price | Full call number | Accession Number | Koha item type |
|---|---|---|---|---|---|---|---|---|---|---|---|
| Fiction | Main Library | Main Library | SHELF-14B -ALPHABETICAL -B--ENGLISH NOVELS & FICTIONS | 25/01/2019 | purchase | 195.00 | 823 BON/W | 10682 | Books |